| 000 | 00419nam a22001577a 4500 | ||
|---|---|---|---|
| 003 | MACL | ||
| 005 | 20240704123324.0 | ||
| 008 | 151101b xxu||||| |||| 00| 0 eng d | ||
| 040 | _cMACL | ||
| 041 | _aEnglish | ||
| 082 | _a160 | ||
| 100 |
_aB S Sijwali Indu Sijwali _917268 |
||
| 245 | _aA New Approach to Reasoning Verbal, Non-Verbal & Analytical | ||
| 260 |
_aMeerut _bArihant Publication _c2014 |
||
| 942 |
_2ddc _cBK |
||
| 999 |
_c50482 _d50482 |
||